000 00683nam a2200193 u 4500
001 000250447
003 AM-YeHGA
005 20250617125016.0
008 030725s1953 ai r 000 0 arm d
040 _aAM-YeHGA
100 1 _aԶուբրիլին, Ա.Ա.
245 1 0 _aՍիլոս /
_cԱ.Ա. Զուբրիլին, Ե.Ն. Միշուստին, Վ.Ա. Խարչենկո; Թարգմ.՝ Խ. Բարխուդարյան.
260 _aԵրևան :
_bՀայպետհրատ,
_c1953.
300 _a334 էջ :
_bնկ., աղս. ;
_c22 սմ.
650 1 4 _aԱնասնակերեր
700 1 _aՄիշուստին, Ե.Ն.
700 1 _aԲարխուդարյան, Խ.
_eթարգմ.
_4trl
090 _c90960
999 _c89671
_d89671